000 00688nam a2200181Ia 4500
008 151202s9999||||xx |||||||||||||| ||und||
082 _bPNVM-37998
100 _aामािाकारी अविनाश.
245 _aअस्वस्थ दशकाची डायरी.
260 _b"उन्मेश प्रकाशन,पुणे."
260 _c1989
300 _a591
600 _aामािाकारी अविनाश.
630 _aअस्वस्थ दशकाची डायरी.
700 _aामािाकारी अविनाश.
730 _aअस्वस्थ दशकाची डायरी.
942 _cBOOK
999 _c1303950
_d1303947